Loading...
| Social Science | 0 | 3 | 0 | 0 | 30 | 54 | 66.67 | 0 | 0 | 11.00 | 17.33 |
| Science - Biology | 0 | 4 | 2 | 1 | 30 | 43 | 85.75 | 0 | 1 | 10.13 | 17.17 |
| Fine Arts - Classical Music | 0 | 3 | 1 | 0 | 25 | 102 | 105.00 | 0 | 0 | 3.84 | 11.83 |
| Religion | 0 | 2 | 0 | 0 | 20 | 95 | 96.50 | 1 | 2 | 4.68 | 15.17 |
| Philosophy | 0 | 2 | 0 | 0 | 20 | 78 | 90.00 | 0 | 0 | 5.14 | 9.33 |
| Science - Chemistry | 0 | 3 | 2 | 1 | 20 | 70 | 87.33 | 0 | 1 | 7.43 | 14.50 |
| Science - Physics | 0 | 2 | 0 | 1 | 20 | 126 | 128.00 | 0 | 0 | 0.00 | 1.83 |
| Geography | 0 | 1 | 0 | 0 | 10 | 111 | 111.00 | 0 | 0 | 7.63 | 8.33 |
| Science - Other | 0 | 1 | 0 | 0 | 10 | 93 | 93.00 | 0 | 0 | 1.70 | 7.50 |